|
|
|
|
| LEADER |
00000nam0a2200000 4500 |
| 001 |
122812 |
| 005 |
20231031130200.0 |
| 010 |
|
|
|a 5741802842
|
| 035 |
|
|
|a (RuTPU)RU\TPU\book\132957
|
| 090 |
|
|
|a 122812
|
| 100 |
|
|
|a 20071009d2003 m y0rusy50 ca
|
| 101 |
0 |
|
|a rus
|
| 102 |
|
|
|a RU
|
| 105 |
|
|
|a a j 001zy
|
| 200 |
1 |
|
|a Сборник задач по физике повышенной трудности
|e учебно-методическое пособие
|f Р. З. Муратов, В. Л. Саваторова, Д. Л. Широчин
|g Московский государственный горный университет (МГГУ)
|
| 210 |
|
|
|a Москва
|c Изд-во Московского гос. горного ун-та
|d 2003
|
| 215 |
|
|
|a 111 с.
|c ил.
|
| 225 |
1 |
|
|a Высшее горное образование
|
| 320 |
|
|
|a Список литературы: с. 108-110.
|
| 610 |
1 |
|
|a физика
|
| 610 |
1 |
|
|a задачи
|
| 610 |
1 |
|
|a решения
|
| 610 |
1 |
|
|a кинематика
|
| 610 |
1 |
|
|a динамика
|
| 610 |
1 |
|
|a энергия
|
| 610 |
1 |
|
|a термодинамика
|
| 610 |
1 |
|
|a электростатика
|
| 610 |
1 |
|
|a электрический ток
|
| 610 |
1 |
|
|a электромагнетизм
|
| 610 |
1 |
|
|a колебания
|
| 610 |
1 |
|
|a волны
|
| 610 |
1 |
|
|a оптика
|
| 610 |
1 |
|
|a атомная физика
|
| 610 |
1 |
|
|a учебные пособия
|
| 675 |
|
|
|a 53(076)
|v 3
|
| 700 |
|
1 |
|a Муратов
|b Р. З.
|g Родэс Зиннятович
|
| 701 |
|
1 |
|a Саваторова
|b В. Л.
|g Виктория Леонидовна
|
| 701 |
|
1 |
|a Широчин
|b Д. Л.
|g Дмитрий Львович
|
| 712 |
0 |
2 |
|a Московский государственный горный университет (МГГУ)
|c (1993- )
|2 stltpush
|3 (RuTPU)RU\TPU\col\453
|
| 801 |
|
1 |
|a RU
|b 63413507
|c 20071009
|g PSBO
|
| 801 |
|
2 |
|a RU
|b 63413507
|c 20120926
|g PSBO
|
| 900 |
|
|
|a Физика
|
| 942 |
|
|
|c BK
|
| 954 |
|
|
|b 130400
|
| 959 |
|
|
|a 69/20071008
|d 1
|e 130,00
|f ЧЗТЛ:1
|